000
00386nam a2200169Ia 4500
008
240830s2008 xx 000 0 und d
041
_a
eng
082
_a
612-VIC
100
_a
VICTOR P E
245
_a
ATLAS OF HISTOLOGY
250
_a
11
260
_a
NEW DELHI
_b
N.D.
_c
2008
300
_a
532p
650
_a
SHARIR-KRIYA
906
_a
ATLAS OF HISTOLOGY
999
_c
1187557
_d
1187557